000 00366nam a22001457a 4500
003 macl
005 20150612155023.0
008 150612b xxu||||| |||| 00| 0 eng d
040 _cmacl
082 _a910
100 _aद्रिवेदी, डॉ हिमांशु
_9222
245 _aबहाव
650 _aयात्रा
_9223
942 _2ddc
_cHIN
999 _c49845
_d49845